[Event "Dortmund SuperGM 26th"]
[Site "Dortmund"]
[Date "1998.07.05"]
[Round "9"]
[White "Ivanchuk, Vassily"]
[Black "Beliavsky, Alexander G"]
[Result "1/2-1/2"]
[WhiteElo "2740"]
[BlackElo "2690"]
[Annotator "Lukacs,P"]
[PlyCount "49"]
[EventDate "1998.06.26"]
[EventType "tourn"]
[EventRounds "9"]
[EventCountry "GER"]
[EventCategory "18"]
[SourceTitle "CBM 066"]
[Source "ChessBase"]
[SourceDate "1998.09.30"]
[SourceVersion "1"]
[SourceVersionDate "1998.09.30"]
[SourceQuality "1"]

1. e4 e5 2. Nf3 Nc6 3. Bc4 Nf6 4. Ng5 d5 5. exd5 Na5 6. Bb5+ c6 7. dxc6 bxc6 8.
Be2 h6 9. Nh3 {Steinitz has played this extravagant idea several times. The N
looks awkward on h3, but taking him deprives Black from his ^^, which is
rather important in an opened position like this. In the sixties this became a
surprise weapon of the young Fischer, who has studied Steinitz's games
carefully. However against a strong tactician like Beliavsky this idea is
extremely dangerous!} (9. Nf3 {is the main line, but here Black gets some
tempi chasing the N, for example:} e4 10. Ne5 Bd6) 9... Bd6 (9... Bc5 {was
more frequently played in the past, and there is nothing wrong with it either.}
10. O-O O-O 11. d3 (11. c3 $6 {takes the natural square from the N.} Nb7 {
Only this misplaced N causes some headache for Black in this line.} 12. Qa4
Bxh3 13. gxh3 Qd6 14. d3 Nd5 $1 $17 {Steinitz-Chigorin, Havana (m/12) 1892})
11... Nb7 (11... Bxh3 $6 {gives away the excellent B for the pathetic N. Black
gets back the P on h3, but White's ^^ has a bright future and his K is safe.}
12. gxh3 Qd7 13. Bf3 Qxh3 14. Nd2 Rad8 15. Bg2 Qf5 16. Qe1 Rfe8 17. Ne4 $16 {
Fischer-Bisguier, New York 1963}) 12. Nc3 Bb6 (12... Nd5 13. Bf3 Bb6 14. Qe2
Re8 15. Re1 Nxc3 16. bxc3 Bd7 17. Ba3 Rb8 18. Rab1 Qc7 $44 {Nunn-Hardicsay,
Budapest 1978}) 13. Kh1 Nc5 14. Bf3 (14. f4 e4 $1 15. Nf2 exd3 16. Nxd3 Bf5 17.
Nxc5 Bxc5 $44 {with very active piece play for the P, Hamann-Geller,
Kislovodsk 1966.}) 14... Nd5 15. Ng1 {White has to lose a couple of tempi to
bring his misplaced N into action.} f5 16. Nge2 Ba6 17. Re1 e4 18. dxe4 fxe4
19. Bxe4 Nxe4 20. Nxe4 Qh4 $44 {Kuindzi-Klovans, SU 1973}) 10. d3 {White has
to keep the position closed until he can successfully finish his development.}
(10. d4 {(Steinitz-Blackburne, Vienna 1898)} exd4 $1 $13 {Fischer}) 10... O-O
11. Nc3 (11. O-O Nd5 12. Nc3 Nxc3 13. bxc3 Qh4 $13) 11... Nd5 (11... Rb8 12.
O-O Rb4 {This R manoeuvre connected with taking on h3 and win back the P has
the same drawback as in the Fischer-Mednis game.} (12... Nd5 $5 {was worthy of
trying}) 13. Kh1 $1 Bxh3 14. gxh3 Rh4 15. Rg1 Rxh3 16. Rg3 {(Short-P.Nikolic,
Skelleftea 1989)} Rxg3 17. hxg3 $14) 12. Bd2 Rb8 13. b3 (13. Qc1 {brings the Q
to a passive position} Bxh3 (13... f5) 14. gxh3 Nf4 15. Rg1 f5 16. Bf1 c5 17.
Bg2 Nxg2+ 18. Rxg2 $13 {Bobkov-Korelov, corr. 1975}) 13... Nb7 ({The same idea
as after 13.Qc1 is not so efficient here, because the Q is better placed.} 
13... Bxh3 14. gxh3 Nf4 15. Bf1 $1 (15. Bxf4 exf4 16. Na4 Re8 17. Kf1 (17. O-O
$2 Qg5+ 18. Kh1 f3 $1 19. Bxf3 Qf4 $19) (17. Kd2 $2 f3 $1 18. Bxf3 Bf4+ 19. Kc3
Qf6+ 20. d4 Rbd8 $40) 17... Qh4 $40) 15... f5 16. Qf3 Ne6 (16... e4 17. dxe4
fxe4 18. Nxe4 Be5 19. O-O-O {and the white K escapes on the <<.}) 17. Bg2 Nd4
18. Qd1 $13) 14. Ng1 {Both Ns have to improve their positions!} Nc5 (14... f5
$1 {comes into consideration, for example:} 15. Nf3 (15. Bf3 $5 {/\ Nge2} Be6
16. Nge2 Qh4 $44) 15... Qe7 (15... Nc5 {- 14...Nc5 15.Nf3 f5}) 16. d4 e4 17.
Ne5 Bxe5 18. dxe5 Qxe5 19. Nxd5 cxd5 20. Be3 f4 (20... Qc3+ 21. Kf1 {/\ Bd4})
21. Bd4 Qe7 $40 {/\ f3}) 15. Nf3 (15. Bf3 {is a bit sophisticated here, it is
advisable for White to hurry.} Be6 16. Nge2 Qh4 (16... f5 17. Bxd5 (17. d4 e4
18. dxc5 Bxc5 19. Bxe4 (19. Bh5 Qh4) 19... Bxf2+ $1 20. Kxf2 fxe4+ $40) 17...
cxd5 18. d4 Ne4 $13)) 15... Nxc3 (15... f5 {now runs into} 16. d4 $1 (16. O-O
e4) 16... exd4 (16... e4 17. dxc5 Bxc5 (17... exf3 18. cxd6 fxe2 19. Nxe2) 18.
Ne5) 17. Nxd4) 16. Bxc3 e4 $1 17. Nd2 (17. dxe4 Nxe4 18. Bd4 Bb4+ 19. Kf1 c5
20. Bb2 (20. Be3 Qf6 $40) 20... Qb6 $40) 17... exd3 (17... e3 $6 18. fxe3 Qh4+
19. Kf1) (17... Qg5 $6 18. Nxe4 Qxg2 19. Bf3) 18. cxd3 Bf5 19. Nc4 (19. O-O
Nxd3 20. Nc4 Bc7 21. Ne3 Qd6 22. g3 Bg6 23. Bxd3 Qxd3 24. Qxd3 Bxd3 25. Rfd1
Rfd8 $11) 19... Re8 20. O-O (20. Nxd6 Qxd6 21. O-O Nxd3 $11) 20... Nxd3 $1 21.
Ba5 (21. Bxd3 $1 Bxd3 22. Qg4 {looks better} (22. Qxd3 $4 Bxh2+) 22... Bf8 23.
Rfe1 $14 {and Black has some weaknesses on the <<.} (23. Rfd1 Be2 $11)) 21...
Qd7 22. Bxd3 Bxd3 23. Nxd6 Qxd6 24. Bc7 Qxc7 25. Qxd3 $11 1/2-1/2

[Event "Pune"]
[Site "Pune"]
[Date "2004.09.06"]
[Round "4"]
[White "Sutovsky, Emil"]
[Black "Beliavsky, Alexander G"]
[Result "1/2-1/2"]
[WhiteElo "2679"]
[BlackElo "2679"]
[Annotator "Lukacs,P"]
[PlyCount "114"]
[EventDate "2004.09.03"]
[EventType "tourn"]
[EventRounds "9"]
[EventCountry "IND"]
[EventCategory "16"]
[SourceTitle "CBM 104"]
[Source "ChessBase"]
[SourceDate "2005.01.27"]
[SourceVersion "1"]
[SourceVersionDate "2005.01.27"]
[SourceQuality "1"]

1. e4 e5 2. Nf3 Nc6 3. Bc4 Nf6 4. Ng5 d5 5. exd5 Na5 6. Bb5+ c6 7. dxc6 bxc6 8.
Be2 h6 9. Nf3 e4 10. Ne5 Bd6 11. f4 {This old-fashioned variation is a rare
guest in nowaday's tournament practice.} exf3 12. Nxf3 O-O 13. d4 Re8 (13... c5
$5 14. O-O (14. dxc5 Bxc5 15. Qxd8 Rxd8 {Although White has exchanged queens,
Black's lead of development is still important.} 16. Bd2 (16. c3 Re8 17. Kf1
Rxe2 $1 {In the style of Morphy...} 18. Kxe2 Ba6+ 19. Kd1 Ng4 $44 {
Mednis-Bisguier, USA-ch New York 1957}) 16... Nc6 17. Nc3 Ng4 (17... Nb4 $2 18.
O-O-O Bf5 {is simply parried by} 19. Ne1 Ng4 20. a3 {and the N has to retreat.}
Nc6 21. Nd3 $14 {Timman-Bisguier, Sombor 1974}) 18. Ne4 Bb6 $44 19. O-O-O $1 (
19. h3 Ne3 20. Bxe3 Bxe3 21. Bd3 Rb8 $44 {and Black's ^^ and lead of
development fully compensates the sacrificed P, Hartoch-Bisguier, Sombor 1974.}
) 19... f5 20. Bb5 (20. Ng3 Nf2 $15 {Lee-Cooper,BCF-ch Brighton1980}) 20... Ne7
21. Nc3 Nf2 22. Rde1 $1 Nxh1 23. Rxe7 {(Lopez-Velasco Gutierrez, Mexico rapid
1985)} Kf8 24. Re1 Nf2 25. Bc6 Rb8 26. Bf4 Bb7 27. Bxb8 Bxc6 28. Bf4 g5 $44 {
with a very active ^^ for Black.}) 14... Re8 {- 13..Re8}) (13... Qc7 14. O-O c5
15. Nc3 a6 16. Kh1 Bb7 17. Be3 Rad8 18. Bg1 Rfe8 19. Re1 Nc6 {Black's only
problematic piece is the N on the edge of the board.} 20. d5 Nb4 $44 {
Spassky-Geller, Goteborg izt 1955}) 14. O-O (14. Nc3 Bg4 15. O-O Bc7 16. Kh1
Rb8 17. a3 Bh5 18. b4 Nb7 {The N soon will come back.} 19. Ne5 Bxe2 20. Nxe2
Bxe5 21. dxe5 Rxe5 {(Romanov-Baranov, corr 1964)} 22. Bf4 Rd5 23. Qe1 $11 {
/\ Nc3 Minev}) 14... Bg4 (14... c5 $5 {is the other logical plan in order to
open up the position for the better developed pieces.} 15. Kh1 (15. Nc3 cxd4
16. Qxd4 Nc6 17. Qh4 Rb8 {(Estrin-Strand, corr 1966)} 18. a3 $1 $13 {Gligoric})
(15. c3 Qc7 16. Na3 a6 17. Nc2 Bb7 18. h3 Ne4 $44 {Plath-Kosak, GER 1995})
15... Bb7 16. Nc3 cxd4 17. Qxd4 Nc6 18. Qh4 Ne5 {and the bad N came back with
a great effect.} 19. Bd2 Ng6 20. Qd4 Ne4 21. Bc4 Bf4 22. Bxf4 Nxf4 $44 {
Vukchevic-Romanishin, Hastings 1976/77}) 15. Nc3 Bc7 16. Ne5 $6 {White gives
back the P, after which he has really nothing.} (16. Qd3 $5) (16. h3 Bh5 $13)
16... Bxe2 17. Nxe2 Bxe5 18. dxe5 Rxe5 (18... Qxd1 19. Rxd1 Rxe5 $11) 19. Nc3
Nc4 (19... Qxd1 $1 20. Nxd1 (20. Rxd1 Rae8 21. b3 Nb7 $11) 20... Ne4 $11 {
was simpler.}) 20. Bxh6 $1 Qxd1 (20... Nxb2 $5 21. Qxd8+ (21. Qf3 Qd4+ $13)
21... Rxd8 $13) 21. Raxd1 Nxb2 22. Rd4 (22. Rb1 Nc4) 22... Rc5 23. Rxf6 $1 {
This is the beginning an exciting tactical skirmish.} gxf6 $1 (23... Rxc3 24.
Rg4 g6 25. Rd4 $1 Rxc2 26. Rd7 {maximally activating the white pieces.} Kh7 27.
Bg5 Rf8 28. Rfxf7+ Rxf7 29. Rxf7+ Kg8 30. Rxa7 $16) 24. Ne4 Rf5 (24... Kh7 25.
Nxc5 Kxh6 26. Rd6 $14 {and the weakness of the black pawns begin to tell.}) 25.
g4 $1 c5 $1 26. Rd2 $6 {This is a mistake, other R moves were much better, for
example:} (26. Rd7 $1 Re8 27. gxf5 Rxe4 28. Rxa7 $16) (26. Rd6 $1 Re8 27. Nxf6+
Rxf6 28. Rxf6 Re2 29. Rf2 Re4 30. h3 $16) 26... Re8 $1 $11 {Now Black
equalizes again.} (26... Rf3 27. Kg2) 27. gxf5 Rxe4 28. Rg2+ Kh7 29. Bf8 Re1+
30. Kf2 Re5 {[%mdl 4096]} 31. Kf3 $1 {White sacrifices the weak P, but
activates his pieces. Black's + pawn is a double one.} (31. Rg7+ Kh8 32. Rxf7
Rxf5+ 33. Kg3 Kg8 34. Rb7 Rg5+ 35. Kf4 Kxf8 36. Rxb2 Rg2 $11 {leads to a
drawish R _|_.}) 31... Rxf5+ 32. Ke4 Re5+ 33. Kf4 Rh5 (33... Nc4 34. Rg7+ Kh8
35. Rxf7 Kg8 36. Rxf6 Rh5 37. h3 Rxh3 38. Bxc5 Rc3 $11) 34. Be7 (34. Rg7+ Kh8
35. Rxf7 Kg8 36. Rxf6 Rxh2 37. Bxc5 Rxc2 38. Bxa7 Nd3+ $11) 34... Nc4 (34...
Rh4+ 35. Kf5 Nc4 36. Kxf6 Rf4+ 37. Kg5 Re4 38. Bf6 Ne3 39. Rg3 Kg8 40. c3 Kf8
$11) 35. Bxf6 Nd6 36. Be7 (36. Rg7+ $6 Kh6) 36... Rf5+ (36... Nc4 37. h4 a6 38.
c3 $14) 37. Kg4 Rd5 38. Bxd6 Rxd6 39. Kf5 {In the R _|_ the black K is cut off,
while the white one is extremely active.} Ra6 (39... Rd4 $14) 40. c3 (40. c4
Rd6 $1 41. Rg3 Rd4 42. Rc3 (42. Ra3 Rxc4 43. Rxa7 Kg7 44. a4 Rh4 45. a5 Rxh2
46. Rc7 (46. a6 Ra2) 46... c4 $11) 42... Kg7 $11) 40... Re6 $6 (40... Rh6 $1
41. Ke5 Rh3 42. c4 Rd3 $11 {cutting of the enemy K from the <<.}) 41. a4 Re3
42. Rg3 $1 Re2 43. h4 Kh6 (43... Rh2 44. Rg4) 44. Rg4 Kh5 45. Rc4 Re6 (45...
Rf2+ 46. Ke5) 46. a5 (46. Rxc5 Kxh4 47. c4 Ra6 48. a5 Kg3 {- 46.a5}) 46... Ra6
47. Rxc5 Kxh4 {The black K is still very far from the <<.} 48. c4 Kg3 49. Rc7
$2 {Sacrificing the a P is not a healthy business.} (49. Rb5 $1 {/\ c5 was the
last chance.} Kf3 (49... Rc6 50. c5 a6 51. Rb3+ Kf2 52. Rc3 Ke2 53. Ke5 Kd2 54.
Kd5 Rc8 55. Rf3 $18 {and the black K is cut off the third rank.}) 50. Ke5 $1 (
50. c5 f6 $1) 50... Ke3 (50... f5 51. Kxf5 Rc6 52. Rb4 Rc5+ 53. Ke6 Rxa5 54.
Kd6) 51. c5 $18) 49... Rxa5+ $11 {Now the position is drawish again.} 50. c5
Rb5 51. Ke5 a5 52. Kd6 f5 $1 53. Rg7+ (53. c6 Rb3 $1 (53... f4 54. Rb7) 54.
Rg7+ Kf3 55. c7 Rd3+ 56. Kc6 Rc3+ 57. Kb6 f4 (57... a4 58. Rg8 f4 $11) 58. Rg8
Ke2 59. Re8+ Kd2 60. c8=Q Rxc8 61. Rxc8 f3 $11) 53... Kf3 54. c6 Rb6 55. Rb7
Ra6 56. Kd5 Ra8 57. Rb3+ (57. c7 Rc8 58. Kd6 f4 59. Rb8 Rxc7 60. Kxc7 Kg2 $11)
57... Kg4 1/2-1/2

[Event "Sigeman & Co 10th"]
[Site "Malmo"]
[Date "2002.06.10"]
[Round "5"]
[White "Short, Nigel D"]
[Black "Wedberg, Tom Birger"]
[Result "1-0"]
[WhiteElo "2673"]
[BlackElo "2540"]
[Annotator "Lukacs,P"]
[PlyCount "81"]
[EventDate "2002.06.06"]
[EventType "tourn"]
[EventRounds "9"]
[EventCountry "SWE"]
[EventCategory "13"]
[SourceTitle "CBM 090"]
[Source "ChessBase"]
[SourceDate "2002.09.20"]
[SourceVersion "1"]
[SourceVersionDate "2002.09.20"]
[SourceQuality "1"]

1. e4 e5 2. Nf3 Nc6 3. Bc4 Nf6 4. Ng5 d5 5. exd5 Na5 6. Bb5+ c6 7. dxc6 bxc6 8.
Be2 h6 9. Nh3 {The old Steinitz Variation is a rare guest on top level games,
although Fischer wanted to rehabilitate it several years ago. However Short
has his own opinion!} ({The more popular} 9. Nf3 {is sometimes played by
Morozevich.}) 9... Bd6 10. d3 O-O 11. Nc3 Nd5 (11... Rb8 $6 12. Bf3 (12. O-O
Rb4 (12... Nd5 $5) 13. Kh1 $1 {/\ Ng1 is the typical manoeuvre here.} Bxh3 14.
gxh3 {White is not afraid of worsening his P structure, because he gets the ^^
and the g <->.} Rh4 15. Rg1 Rxh3 16. Rg3 {(Short-P.Nikolic, Skelleftea 1989 )}
Rxg3 17. hxg3 $14) 12... Qc7 13. Ng1 {The important factor is time, if White
can finish his development he is a healthy P up and the N on a5 is out of play.
} c5 14. Nge2 c4 15. Ng3 Rd8 16. O-O Bf8 17. Qe2 cxd3 18. cxd3 {White has an
"ugly" extra P.} Ba6 19. Rd1 Nc6 20. Bxc6 Qxc6 21. Qxe5 Bd6 22. Qe2 Re8 23. Be3
Bb7 24. Nge4 $16 {Short-Mitkov, EU-chT Batumi 1999}) (11... Nb7 $5 12. Bf3) 12.
O-O (12. Bf3 $6 Nxc3 $1 13. bxc3 Qh4 14. O-O $5 (14. Ng1 {is already too slow.}
f5 (14... Rb8 15. g3 Qa4 16. Bg2 (16. Ne2 Bh3) 16... f5 17. Ne2 $142 (17. Nf3 {
runs into the central push} e4 18. Nd4 c5 19. Ne2 Ba6 $17 {Paoli-Matanovic,
Zagreb 1964})) 15. g3 Qf6 16. Ne2 e4 17. Bg2 Ba6 18. O-O Rad8 {>< d3} 19. Be3
c5 $44 {Tringov-Geller, Havana Capablanca mem 1971}) 14... Bxh3 15. gxh3 Qxh3
16. Bg2 Qh4 $13 {winning back the material with some attacking chances,
although the N on a5 remains pathetic.}) (12. Ne4 Bc7 13. c4 (13. O-O $6 {
allows Black a direct assault against the white K.} f5 14. Ng3 Qh4 15. Kh1 Be6
16. Bd2 Nb7 17. Bf3 Rad8 18. Qe1 g5 $1 19. Ng1 g4 $17 {Paoli-L.Lengyel,
Kecskemet 1972}) 13... Ne7 14. O-O f5 $5 15. Nc3 {(Kamsky-Jussupow, Tilburg
1992)} f4 $5 {giving up the vital >< e4 but continuing the -> on the >>.} 16.
Kh1 Nf5 17. Ng1 Nd4 18. Nf3 Bf5 $44 {Beliavsky}) (12. Bd2 Rb8 13. b3 (13. Qc1
Bxh3 (13... f5) 14. gxh3 Nf4 15. Rg1 f5 16. Bf1 c5 {White's K is still in the
middle...} 17. Bg2 Nxg2+ 18. Rxg2 $13 {Bobkov-Korelov, corr 1975}) (13. Rb1 $5
{Beliavsky}) 13... Nb7 14. Ng1 {Both players improve their knight's position.}
Nf4 (14... Nc5 {Ivanchuk-Beliavsky, Dortmund 1998 CBM 66}) (14... f5 $5 15. Nf3
(15. Bf3 $5 Be6 16. Nge2 Qh4 $13) 15... Qe7 {Black has an active position and
a strong [+] for the P.} 16. d4 e4 17. Ne5 Bxe5 18. dxe5 Qxe5 19. Nxd5 cxd5 20.
Be3 f4 (20... Qc3+ 21. Kf1) 21. Bd4 Qe7 $40 {/\ f3}) 15. Bxf4 exf4 16. Bf3 Bb4
17. Nge2 Qa5 {The pin on the a5-e8 /^ is rather nasty.} 18. Qd2 Re8 19. O-O Bd7
$1 20. a3 Rxe2 21. axb4 Rxd2 22. bxa5 Rxc2 23. Ne2 Nc5 $13 {Beliavsky}) 12...
Rb8 {Is the b <-> so important now?!} (12... Qh4 $5 {wins back the material
but gives up the ^^ for a very passive N.} 13. Kh1 (13. Bd2 Bxh3 14. gxh3 Nf4
15. Bxf4 Qxf4 16. Ne4 Bc7) 13... Bxh3 14. gxh3 Qxh3 15. Rg1 e4 16. Rg2 exd3 17.
Qxd3 Qxd3 18. Bxd3 Nf4 19. Bxf4 Bxf4 {^- with drawish tendencies.} 20. Ne4 Be5
21. Rb1 Nb7 22. b4 {(Lalic-Jonkman, Ubeda op 2001)} Nd6 $11) 13. Kh1 Nxc3 14.
bxc3 Be6 (14... Bxh3 {was still possible.} 15. gxh3 Qh4 16. Rg1 e4 $1 (16...
Qxh3 17. Bg4 Qh4 18. Bf5 Bc5 (18... Qxf2 $2 19. Qh5 $1 $18) 19. Qf3 Qf6 20. Qh3
Kh8 21. Rg2 $14 {and suddenly White has some pressure on the >>.}) 17. Qf1 exd3
18. cxd3 Rfe8 19. Qg2 (19. Be3 Rb2) 19... Qf6 20. Be3 Rb2 $13) 15. f4 Bxh3 16.
gxh3 exf4 17. Bxf4 c5 (17... f5 $5) 18. Qd2 Rb6 $2 ({eliminating the ^^ was
more to the point by} 18... Bxf4 19. Rxf4 (19. Qxf4 Rb2) 19... Rb2 20. Bf3 $14
{The N on a5 is still out of play.}) 19. Be3 $1 {^^} Qh4 (19... f5 20. Bf3 $16)
(19... Nc6 20. Rg1 $40) 20. Bg4 Kh7 21. Rf5 {and again White has excellent
attacking chances on the >> due to his active ^^ and the g <->.} Qe7 (21... g6
$2 22. Rxc5 $1 $18) 22. Rg1 Re8 {[#]} 23. Bxh6 $1 $18 {This is the final blow
ruining Black's last remaining fortress.} g6 (23... gxh6 24. Bh5 $1 Rf8 (24...
Rb7 25. Qg2 $18) 25. Qg2 Be5 26. Rxf7+ $1 $18) 24. Bg5 Qb7+ 25. Bf3 Qd7 26. Rd5
Qe6 27. h4 $1 {The ram is advancing.} Reb8 28. h5 $1 Rb1 29. hxg6+ fxg6 30. Be3
Nc6 31. Rdg5 Rxg1+ 32. Rxg1 Ne5 33. Be4 Qh3 34. Qe2 Rf8 35. d4 Qh4 36. Bg5 Rf2
37. Bxh4 Rxe2 38. dxe5 Bxe5 39. Bxg6+ Kh6 40. Bg3 Bxg3 41. Rxg3 1-0